000
00337cam a2200145ua 4500
041
_a
eng
_h
082
_a
821
_b
SHE/AD
100
_a
Shelly, .
245
_a
Adonais /
_c
Shelley.
_h
Textual Documents
260
_a
New York :
_b
Universities Tutorials Press Ltd..
300
_a
83 ; .
504
_a
942
_c
BK
999
_c
5075
_d
5075